000 00618nam a2200181Ia 4500
008 151018s9999 xx 000 0 und d
082 _bRBASDV3751
_a891.463
100 _aवसंत देशमुख
245 _aपावसांतील अश्रु
250 _b1
260 _bकर्नाटक पब्लिशिंग हाउस
_c1945
300 _a69
600 _aवसंत देशमुख
630 _aपावसांतील अश्रु
700 _aवसंत देशमुख
730 _aपावसांतील अश्रु
942 _cBOOK
999 _c1006154
_d1006151